000 01486naa a22003977a 4500
001 BR7405370
003 BR-BrBNA
005 20240918173613.0
007 ta
008 230509b bl.||||| |||| 00| 0 por d
040 _aBR-BrBNA
_bpor
_cBiblioteca Nacional de Agricultura
041 _a(Pt)
072 _aL30
_b5213
_b8954
_b1930
090 _aL30 BR7405370
100 1 _aBarbosa, C.
100 1 _aCamargo, J.C. de M.
100 1 _aDrudi, A.
100 1 _aPereira, W.M.
100 1 _aMattos, J.C.A. de
100 1 _aCampos, B.E.S.
111 1 _a11. Reuniao da Sociedade Brasileira de Zootecnia
_cFortaleza, CE (Brazil)
_d22 Jul 1974
245 1 _aAvaliacao da performance em animais 1/2 suico-guzera confinados com diferentes racoes, apos seu retorno as pastagens [Gado de corte; Capim coloniao; Ganho de peso]
260 3 _aFortaleza, CE (Brasil):
_bUniversidade Federal do Ceara,
_c1974.
500 _aAnais da 11. Reuniao da Sociedade Brasileira de Zootecnia Fortaleza, CE (Brasil): Universidade Federal do Ceara, 1974. p. 42-43 (BR7405370-AM)L30
650 _aNutricao animal
650 _aGado de corte
650 _aRacao
650 _aPastagem
650 _aCapim coloniao
650 _aGado Guzera
650 _aPerformance
650 _aGanho de peso
773 0 _tAnais da 11. Reuniao da Sociedade Brasileira de Zootecnia
_wL30 BR7405370
_gFortaleza, CE (Brasil), 1974. p. 42-43
909 _a202404
_bLucia
_c55
_dLucia Elande
942 _cAM
_2AGRIS
999 _c305706
_d305706